ბათუმის შოთა რუსთაველის სახელმწიფო უნივერსიტეტის ბიბლიოთეკა

ნასისხლფასევი:20 მოთხრობა, 2 პიესა (ბიბ.ჩანაწერი № 43763)

000 -LEADER
fixed length control field 00944nam a2200229Ia 4500
001 - CONTROL NUMBER
control field 10508
003 - CONTROL NUMBER IDENTIFIER
control field GE_BSU
008 - FIXED-LENGTH DATA ELEMENTS--GENERAL INFORMATION
fixed length control field 181216s||||||||xx |||||||||||||| ||und||
020 ## - INTERNATIONAL STANDARD BOOK NUMBER
International Standard Book Number 9789941055799
040 ## - CATALOGING SOURCE
Transcribing agency GE_BSU
080 ## - UNIVERSAL DECIMAL CLASSIFICATION NUMBER
Universal Decimal Classification number 821.161.1-32+821.161.1-2+821.161.1.03=353.1
100 ## - MAIN ENTRY--PERSONAL NAME
Personal name ბაბელი,ისააკ
245 ## - TITLE STATEMENT
Title ნასისხლფასევი:20 მოთხრობა, 2 პიესა
245 ## - TITLE STATEMENT
Statement of responsibility, etc. რუს.თარგმ.და კრებ.შეადგინა თამაზ კვაჭანტირაძემ.რედ. ნანა კვარაცხელია,მხატვ.ვახტანგ რურუა
260 ## - PUBLICATION, DISTRIBUTION, ETC.
Place of publication, distribution, etc. თბილისი
260 ## - PUBLICATION, DISTRIBUTION, ETC.
Date of publication, distribution, etc. 2013
300 ## - PHYSICAL DESCRIPTION
Extent 267გვ.1ფ.პორტრ.20სმ.
653 ## - INDEX TERM--UNCONTROLLED
Uncontrolled term მოთხრობა, პიესა
653 ## - INDEX TERM--UNCONTROLLED
Uncontrolled term ნასისხლფასევი
942 ## - ADDED ENTRY ELEMENTS (KOHA)
Koha item type წიგნი
ეგზემპლარები
Withdrawn status Lost status Damaged status Not for loan Date acquired Barcode Date last seen Price effective from Koha item type
        2018-12-17 34371 2018-12-17 2018-12-17 წიგნი
        2018-12-17 34372 2018-12-17 2018-12-17 წიგნი
        2018-12-17 34373 2018-12-17 2018-12-17 წიგნი
        2018-12-17 34374 2018-12-17 2018-12-17 წიგნი
        2018-12-17 34375 2018-12-17 2018-12-17 წიგნი